| 000 | 00544nam a22001817a 4500 | ||
|---|---|---|---|
| 005 | 20250603174452.0 | ||
| 008 | 230811s1991 mx a|||br|||| 00| 0 spa d | ||
| 020 | _a968-16-4419-0 | ||
| 040 | _bspa | ||
| 082 | 0 | 4 |
_aI/808.3 _bS64/L46 |
| 245 |
_aLENTES _b¿QUIÉN LOS NECESITA? |
||
| 260 |
_aMÉXICO; _bFONDO DE CULTURA ECONÓMICA, _c1991. |
||
| 300 |
_a30 páginas; _c24 x 20.5 cm |
||
| 650 | _aLITERATURA Y RETÓRICA | ||
| 650 | _aRETÓRICA Y COLECCIONES DE LITERATURA | ||
| 700 |
_aSEGOVIA, FRANCISCO _eTRADUCCIÓN |
||
| 942 |
_2ddc _cBKN |
||
| 999 |
_c51563 _d51563 |
||